[Event "World Rapid Women 2021"]
[Site "Warsaw POL"]
[Date "2021.12.28"]
[Round "10.22"]
[White "Nomin-Erdene, Davaademberel"]
[Black "Babiy, Olga"]
[Result "1-0"]
[WhiteTitle "IM"]
[BlackTitle "WGM"]
[WhiteElo "2391"]
[BlackElo "2259"]
[WhiteFideId "4900782"]
[BlackFideId "14117258"]
[EventDate "2021.12.26"]

1. e4 c6 2. d4 d5 3. Nc3 dxe4 4. Nxe4 Nf6 5. Nxf6+ exf6 6. c3 Bd6 7. Bd3 O-O 8.
Ne2 Re8 9. O-O Nd7 10. Ng3 g6 11. Ne4 Be7 12. f4 f5 13. Ng5 Nf6 14. Bc4 Nd5 15.
Qd3 b5 16. Bb3 Bxg5 17. fxg5 Be6 18. Qg3 a5 19. Bd1 a4 20. h4 Qb8 21. Qf2 a3 22.
h5 axb2 23. Bxb2 Qd8 24. Qg3 f4 25. Qh4 h6 26. hxg6 Qxg5 27. gxf7+ Bxf7 28. Qh2
Re3 29. Bf3 Nxc3 30. Bc1 Ne2+ 31. Bxe2 Rxe2 32. Bxf4 Qg4 33. Rf3 Bg6 34. Rg3 Qf5
35. Qxh6 Kf7 36. Rf1 Raxa2 37. Be3 Qxf1+ 38. Kxf1 1-0

[Event "World Rapid Women 2021"]
[Site "Warsaw POL"]
[Date "2021.12.28"]
[Round "10.23"]
[White "Dworakowska, Joanna"]
[Black "Zatonskih, Anna"]
[Result "0-1"]
[WhiteTitle "IM"]
[BlackTitle "IM"]
[WhiteElo "2321"]
[BlackElo "2403"]
[WhiteFideId "1107445"]
[BlackFideId "14101572"]
[EventDate "2021.12.26"]

1. e4 e6 2. d4 d5 3. e5 c5 4. c3 Qb6 5. Nf3 Bd7 6. Be2 cxd4 7. cxd4 Bb5 8. O-O
Bxe2 9. Qxe2 Ne7 10. Nc3 Nec6 11. Be3 Be7 12. Rad1 O-O 13. h4 Nd7 14. Ng5 h6 15.
Nh3 Rac8 16. Qg4 Kh8 17. Rd2 Qd8 18. Qh5 Kh7 19. a3 Na5 20. Rd3 Qe8 21. Bc1 f5
22. Qe2 Bxh4 23. g3 Bd8 24. Kg2 g5 25. Rh1 Qg6 26. Nb5 Nc6 27. Nd6 Rb8 28. Kf1
Kg7 29. Qc2 Bb6 30. Be3 Ne7 31. Rc3 Ba5 32. b4 Bb6 33. a4 a5 34. b5 Rfd8 35. Qc1
Rf8 36. Nxg5 f4 37. Rc7 Bxc7 38. Qxc7 fxe3 39. Qxd7 Rxf2+ 40. Kg1 Qb1# 0-1

[Event "World Rapid Women 2021"]
[Site "Warsaw POL"]
[Date "2021.12.28"]
[Round "10.24"]
[White "Muetsch, Annmarie"]
[Black "Zhukova, Natalia"]
[Result "1-0"]
[WhiteTitle "WIM"]
[BlackTitle "GM"]
[WhiteElo "2279"]
[BlackElo "2335"]
[WhiteFideId "12971367"]
[BlackFideId "14101513"]
[EventDate "2021.12.26"]

1. e4 e5 2. Nf3 Nc6 3. Bc4 Nf6 4. Ng5 d5 5. exd5 Na5 6. Bb5+ c6 7. dxc6 bxc6 8.
Be2 h6 9. Nh3 Be7 10. d3 O-O 11. O-O Bxh3 12. gxh3 Nd5 13. Kh1 Bg5 14. Nc3 Bxc1
15. Rxc1 Nf4 16. Bf3 Rb8 17. Qe1 Re8 18. Na4 Nxh3 19. b4 Qh4 20. c4 Ng5 21. Bg2
Nb7 22. f4 Qxe1 23. Rcxe1 exf4 24. Rxe8+ Rxe8 25. Bxc6 Re7 26. Rxf4 Nd8 27. Bd5
Re2 28. Nc3 Rc2 29. Ne4 Nde6 30. Bxe6 Nxe6 31. Rf2 Rc1+ 32. Kg2 g5 33. Nf6+ Kg7
34. Nd5 Rd1 35. a4 Rxd3 36. a5 Ra3 37. c5 Rd3 38. Ne7 Nf4+ 39. Rxf4 gxf4 40. c6
Rc3 41. b5 Rc2+ 42. Kf3 Kf6 43. b6 axb6 44. axb6 Ke5 45. b7 Rc3+ 46. Kf2 Rc2+
47. Ke1 Rc1+ 48. Kd2 Rb1 49. c7 1-0

[Event "World Rapid Women 2021"]
[Site "Warsaw POL"]
[Date "2021.12.28"]
[Round "10.25"]
[White "Bodnaruk, Anastasia"]
[Black "Doluhanova, Evgeniya"]
[Result "1/2-1/2"]
[WhiteTitle "IM"]
[BlackTitle "WGM"]
[WhiteElo "2396"]
[BlackElo "2264"]
[WhiteFideId "4181751"]
[BlackFideId "14112035"]
[EventDate "2021.12.26"]

1. e4 e5 2. Nf3 Nc6 3. Bb5 Nf6 4. d3 Bc5 5. Bxc6 dxc6 6. c3 Bg4 7. h3 Bxf3 8.
Qxf3 Qd7 9. Bg5 O-O-O 10. Bxf6 gxf6 11. Ke2 Rhg8 12. g3 Rg5 13. h4 Rg6 14. Qf5
Qxf5 15. exf5 Rgg8 16. Nd2 b5 17. Ne4 Be7 18. b4 Kb7 19. a4 a6 20. Ra2 Ra8 21.
Rha1 Rgd8 22. g4 h6 23. Rg1 a5 24. axb5 axb4 25. bxc6+ Kxc6 26. Rxa8 Rxa8 27.
cxb4 Ra2+ 28. Kf3 Ra3 29. Ke3 Rb3 30. g5 fxg5 31. hxg5 hxg5 32. f6 Bxb4 33. Rxg5
Kd5 34. f4 Bd6 35. fxe5 Ba3 36. Rg7 Ke6 37. Kd4 c5+ 38. Kc4 Rb4+ 39. Kc3 Bb2+
40. Kd2 Bxe5 41. Rg8 c4 42. dxc4 Rxc4 43. Ke3 Rc1 44. Ra8 Kf5 45. Ra4 Re1+ 46.
Kf3 Rf1+ 47. Ke3 Re1+ 48. Kf3 Rf1+ 49. Ke3 Re1+ 1/2-1/2

[Event "World Rapid Women 2021"]
[Site "Warsaw POL"]
[Date "2021.12.28"]
[Round "10.26"]
[White "Lach, Aleksandra"]
[Black "Mamedjarova, Turkan"]
[Result "1-0"]
[WhiteTitle "WIM"]
[BlackTitle "WGM"]
[WhiteElo "2198"]
[BlackElo "2264"]
[WhiteFideId "1134299"]
[BlackFideId "13402005"]
[EventDate "2021.12.26"]

1. e4 e5 2. Nc3 Nf6 3. f4 d5 4. fxe5 Nxe4 5. Qf3 Nxc3 6. dxc3 Be6 7. Bf4 c6 8.
O-O-O Nd7 9. Kb1 Qa5 10. b3 c5 11. Ne2 O-O-O 12. Qg3 h6 13. h4 Be7 14. h5 Nb6
15. Bc1 Kb8 16. Nf4 Bf5 17. Bd3 Bxd3 18. Rxd3 c4 19. Rdd1 Ka8 20. Ne2 Rc8 21.
Rh3 Rhg8 22. Nd4 g6 23. Qf3 gxh5 24. Qxf7 Bg5 25. Bb2 Rgf8 26. Qxh5 Rf2 27. Qg4
cxb3 28. axb3 a6 29. Rf3 Rxf3 30. Qxf3 Qc5 31. Qd3 Re8 32. Nf3 Be7 33. Qg6 Rc8
34. Qxh6 a5 35. Qf4 a4 36. Qd4 Qb5 37. b4 Qa6 38. Ba3 Nc4 39. Ka2 Nxa3 40. Kxa3
Rc4 41. Qxd5 Rxc3+ 42. Kb2 Bxb4 43. Qd8+ Ka7 44. Qd4+ Rc5 45. c4 a3+ 46. Ka2 Qg6
47. Rd2 Qb6 48. Rc2 Ka6 49. Qd3 Ka7 50. Qd4 Qg6 51. Re2 b6 52. e6 Rc7 53. Qf4
Rg7 54. Ne5 Qxe6 55. Qd4 Bc5 56. Qe4 Rc7 57. g4 Qf6 58. Qf5 Qd8 59. Qd3 Qg5 60.
Qc2 Bd4 61. Nf3 Qxg4 62. Qa4+ Kb7 63. Qxa3 Bc5 64. Qd3 Qg7 65. Qd5+ Ka7 66. Ne5
Qg3 67. Qf3 Qh4 68. Kb3 b5 69. Ra2+ Kb6 70. Qd5 Qg3+ 71. Nd3 Qg1 72. cxb5 Qb1+
73. Nb2 Be7 74. Ra6# 1-0

[Event "World Rapid Women 2021"]
[Site "Warsaw POL"]
[Date "2021.12.28"]
[Round "10.27"]
[White "Socko, Monika"]
[Black "Salimova, Nurgyul"]
[Result "1-0"]
[WhiteTitle "GM"]
[BlackTitle "IM"]
[WhiteElo "2393"]
[BlackElo "2353"]
[WhiteFideId "1106619"]
[BlackFideId "2915138"]
[EventDate "2021.12.26"]

1. d4 Nf6 2. c4 e6 3. Nf3 d5 4. Nc3 c5 5. cxd5 exd5 6. g3 Nc6 7. Bg2 cxd4 8.
Nxd4 Bc5 9. Nb3 Bb6 10. O-O d4 11. Na4 O-O 12. Nxb6 axb6 13. Bf4 Re8 14. Qd3 Be6
15. Bxc6 bxc6 16. Nxd4 Bd5 17. a3 Be4 18. Qd2 Nd5 19. Rfd1 Qc8 20. f3 Bg6 21.
Rac1 c5 22. e4 Nxf4 23. Qxf4 Qa6 24. Nc6 Qb5 25. Ne5 Qxb2 26. Nxg6 hxg6 27. Rb1
Qxa3 28. Rxb6 Rad8 29. Rxd8 Rxd8 30. Kg2 Qa2+ 31. Kh3 Qe2 32. Rb7 Qf1+ 33. Kg4
Qc4 34. Qe5 Qa2 35. h4 Qa6 36. Qe7 Rf8 37. Rc7 c4 38. Qe5 Qa2 39. Qd5 Qf2 40.
Qxc4 Qe3 41. Qd5 Qb6 42. Qc6 Qf2 43. Qc4 Qd2 44. Kh3 Qd1 45. Kg4 Qd2 46. Qd5 Qf2
47. Rd7 Qb6 48. Qd6 Qf2 49. Rd8 f5+ 50. Kf4 Rxd8 51. Qxd8+ Kh7 52. exf5 gxf5 53.
Qd7 Kh6 54. Qxf5 Qd4+ 55. Qe4 Qd6+ 56. Qe5 Qd2+ 57. Qe3 Qb4+ 58. Ke5+ g5 59.
Qxg5+ Kh7 60. Qf5+ Kh8 61. Qc8+ Kh7 62. Qd7+ Kh8 63. g4 Qe1+ 64. Kf5 Qb1+ 65.
Kg5 Qc1+ 66. f4 Qc5+ 67. Qf5 Qc4 68. h5 Qg8+ 69. Kh4 Qd8+ 70. g5 Qd1 71. g6 Qh1+
72. Kg5 Qg1+ 73. Kh6 1-0

[Event "World Rapid Women 2021"]
[Site "Warsaw POL"]
[Date "2021.12.28"]
[Round "10.28"]
[White "Semenova, Elena1"]
[Black "Buksa, Nataliya"]
[Result "1/2-1/2"]
[WhiteTitle "WIM"]
[BlackTitle "IM"]
[WhiteElo "2278"]
[BlackElo "2401"]
[WhiteFideId "24125148"]
[BlackFideId "14123622"]
[EventDate "2021.12.26"]

1. e4 c5 2. Nf3 Nc6 3. Bb5 g6 4. O-O Bg7 5. Re1 Nf6 6. c3 O-O 7. d4 d5 8. e5 Ne4
9. Bxc6 bxc6 10. Nfd2 cxd4 11. cxd4 c5 12. dxc5 Nxc5 13. Nb3 Nxb3 14. Qxb3 d4
15. Bf4 Be6 16. Qa3 Qb6 17. Nd2 Qb7 18. Nf3 Bd5 19. Rad1 Bxf3 20. Qxf3 Qxb2 21.
Rd2 Qb6 22. Red1 Rad8 23. Qe4 f5 24. Qc2 Rc8 25. Qb3+ Qxb3 26. axb3 Rc5 27. Rxd4
Bxe5 28. Bxe5 Rxe5 29. Rd7 Rb8 30. Rxa7 Rxb3 31. Kf1 Kf7 32. Re1 Rxe1+ 33. Kxe1
Rb2 34. g3 g5 35. Kf1 Rd2 36. Ra4 Kf6 37. h4 gxh4 38. Rxh4 Kg6 39. Kg2 e5 40.
Kf3 Rd3+ 41. Ke2 e4 42. Rh1 h5 43. Rh4 Kg5 44. Rh1 Ra3 45. Rh4 Ra1 46. Rh2 Ra2+
47. Ke3 Ra3+ 48. Ke2 Ra1 49. Rh4 Ra8 50. Ke3 Ra1 51. Ke2 Rb1 52. Ke3 Rb3+ 53.
Ke2 Rf3 54. Rh1 Rc3 55. Rh4 Rc8 56. Ke3 Rh8 57. Ke2 Kf6 58. Ke3 Ke5 59. f3 Ra8
60. fxe4 Ra3+ 61. Kf2 fxe4 62. Rxh5+ Kd4 63. g4 e3+ 64. Ke2 Ra2+ 65. Ke1 Ke4 66.
Rh8 Ra1+ 67. Ke2 Ra2+ 68. Ke1 Ke5 1/2-1/2

[Event "World Rapid Women 2021"]
[Site "Warsaw POL"]
[Date "2021.12.28"]
[Round "10.29"]
[White "Ovod, Evgenija"]
[Black "Mamedjarova, Zeinab"]
[Result "0-1"]
[WhiteTitle "IM"]
[BlackTitle "WGM"]
[WhiteElo "2366"]
[BlackElo "2249"]
[WhiteFideId "4131827"]
[BlackFideId "13401521"]
[EventDate "2021.12.26"]

1. e4 e5 2. Nf3 d6 3. d4 exd4 4. Nxd4 Nf6 5. Nc3 Be7 6. g3 O-O 7. Bg2 Re8 8. O-O
a5 9. a4 Na6 10. Re1 Bf8 11. h3 c6 12. Kh2 d5 13. Bg5 h6 14. Bxf6 Qxf6 15. f4
dxe4 16. Nxe4 Qd8 17. c3 Bd7 18. Qf3 Nc5 19. f5 Nxe4 20. Rxe4 Rxe4 21. Qxe4 Qf6
22. Rd1 Re8 23. Qf3 Bc8 24. Rf1 Bd6 25. Nc2 Qg5 26. Qd3 Bc7 27. Rf3 h5 28. Kh1
Rd8 29. Qe3 Rd1+ 30. Bf1 Qxe3 31. Nxe3 Ra1 32. g4 hxg4 33. Nxg4 Rxa4 34. f6 Rf4
35. Rxf4 Bxf4 36. fxg7 Kxg7 37. Kg2 Bc1 38. b3 Be6 39. c4 b5 40. Ne5 a4 41. bxa4
bxa4 42. Nxc6 Bd2 43. Nd4 a3 44. Nb3 a2 45. Bd3 Bc3 46. h4 Bd7 47. c5 Ba4 48.
Na1 Bc6+ 49. Kf1 Bxa1 50. Bc4 Bb5 0-1

[Event "World Rapid Women 2021"]
[Site "Warsaw POL"]
[Date "2021.12.28"]
[Round "10.30"]
[White "Injac, Teodora"]
[Black "Beydullayeva, Govhar"]
[Result "1/2-1/2"]
[WhiteTitle "WGM"]
[BlackTitle "WIM"]
[WhiteElo "2407"]
[BlackElo "2290"]
[WhiteFideId "932400"]
[BlackFideId "13413015"]
[EventDate "2021.12.26"]

1. d4 Nf6 2. c4 e6 3. Nf3 b6 4. a3 Bb7 5. Nc3 d5 6. Bg5 Be7 7. Bxf6 Bxf6 8. cxd5
exd5 9. Qa4+ Qd7 10. Qxd7+ Kxd7 11. g3 c5 12. Rd1 c4 13. Bg2 Na6 14. Ne5+ Bxe5
15. dxe5 Nc7 16. e4 Rae8 17. f4 f6 18. exf6 gxf6 19. Kf2 Kd6 20. exd5 f5 21.
Rhe1 b5 22. Rxe8 Rxe8 23. Ne2 Bc8 24. Nd4 Bd7 25. Nc6 Na6 26. Ne5 Nc5 27. Nxd7
Kxd7 28. Bh3 Nd3+ 29. Rxd3 cxd3 30. Bxf5+ Kd6 31. Bxd3 Kxd5 32. Bxb5 Rb8 33. a4
Kd4 34. Kf3 Rc8 35. h4 Rc2 36. Kg4 Rxb2 37. Kg5 Rg2 38. g4 Kd5 39. f5 h6+ 40.
Kh5 Ke5 41. Bd7 Kf6 42. Bc6 Rg3 43. Bd7 a5 44. Bb5 Rg1 45. Bd7 Rh1 46. Bc6 Rh2
47. Bb5 Rh3 48. Bc6 Rh2 49. Bb5 Ke5 1/2-1/2

[Event "World Rapid Women 2021"]
[Site "Warsaw POL"]
[Date "2021.12.28"]
[Round "10.31"]
[White "Kazarian, Anna-Maja"]
[Black "Bulmaga, Irina"]
[Result "0-1"]
[WhiteTitle "FM"]
[BlackTitle "IM"]
[WhiteElo "2138"]
[BlackElo "2390"]
[WhiteFideId "1033689"]
[BlackFideId "13903063"]
[EventDate "2021.12.26"]

1. e4 d5 2. exd5 Qxd5 3. Nc3 Qd6 4. d4 Nf6 5. Nf3 a6 6. g3 Bg4 7. Bg2 Nc6 8. O-O
O-O-O 9. Bf4 Qb4 10. d5 e5 11. Bg5 Nd4 12. Re1 Qxb2 13. Ne4 Nxe4 14. Bxd8 Kxd8
15. Rb1 Bxf3 16. Bxf3 Nxf3+ 17. Qxf3 Nd2 18. Qxf7 Nxb1 19. f4 Bc5+ 20. Kh1 Qc3
21. Rf1 Nd2 22. Qxg7 Rf8 23. Rf2 Qd4 0-1

[Event "World Rapid Women 2021"]
[Site "Warsaw POL"]
[Date "2021.12.28"]
[Round "10.32"]
[White "Zawadzka, Jolanta"]
[Black "Kolaric, Spela"]
[Result "1/2-1/2"]
[WhiteTitle "WGM"]
[BlackTitle "WFM"]
[WhiteElo "2426"]
[BlackElo "2185"]
[WhiteFideId "1122320"]
[BlackFideId "14607093"]
[EventDate "2021.12.26"]

1. e4 e5 2. Nf3 Nc6 3. Bb5 a6 4. Ba4 Nf6 5. Nc3 Be7 6. O-O b5 7. Bb3 d6 8. a4
Rb8 9. axb5 axb5 10. Nd5 Nxe4 11. Nxe7 Nxe7 12. d4 O-O 13. Re1 Bb7 14. dxe5 Ng6
15. Bd5 dxe5 16. Bxb7 Qxd1 17. Rxd1 Rxb7 18. Re1 f5 19. Nxe5 Nxe5 20. f3 Nxf3+
21. gxf3 Nf6 22. Re7 Re8 23. Rxe8+ Nxe8 24. Bf4 Kf7 25. Ra8 Ke7 26. Kf2 Rb6 27.
Ke3 h6 28. Kd4 Rc6 29. c3 Rc4+ 30. Ke5 Rc5+ 31. Kd4 Rc4+ 32. Ke5 Rc5+ 33. Kd4
Rc4+ 34. Ke5 1/2-1/2

[Event "World Rapid Women 2021"]
[Site "Warsaw POL"]
[Date "2021.12.28"]
[Round "10.33"]
[White "Nur-Mukhametova, Alisa"]
[Black "Badelka, Olga"]
[Result "1/2-1/2"]
[BlackTitle "IM"]
[WhiteElo "2225"]
[BlackElo "2453"]
[WhiteFideId "54117739"]
[BlackFideId "13509926"]
[EventDate "2021.12.26"]

1. Nf3 Nf6 2. g3 d5 3. Bg2 e6 4. O-O Be7 5. c4 O-O 6. b3 c5 7. Bb2 Nc6 8. e3 d4
9. exd4 cxd4 10. d3 e5 11. Re1 Qc7 12. Na3 Bxa3 13. Bxa3 Re8 14. b4 a6 15. Rb1
Bf5 16. Nh4 Bg4 17. Qb3 Be6 18. Qc2 Nd7 19. Bc1 f5 20. Bd5 g6 21. Nf3 Nd8 22.
Bxe6+ Nxe6 23. Qb3 Kg7 24. Rb2 Qc6 25. Qd1 Qd6 26. Rbe2 Nc7 27. Qd2 Rac8 28. a3
b5 29. Qh6+ Kg8 30. Ng5 Nf8 31. f4 bxc4 32. fxe5 Qb6 33. dxc4 Nce6 34. Nxe6 Nxe6
35. c5 Qc6 36. Bb2 Qf3 37. Rf2 Qb3 38. Qd2 Rcd8 39. Qc2 Qd5 40. Qd2 Kg7 41. h4
Nc7 42. Rfe2 Re6 43. Qd3 Ree8 44. Rd1 Ne6 45. Bc1 a5 46. Bd2 axb4 47. axb4 Ra8
48. Be1 Ra4 49. Rc1 f4 50. Qe4 Qb3 51. gxf4 Rf8 52. Rf2 Qg3+ 53. Rg2 Qa3 54. Bd2
Qh3 55. Rf1 Qxh4 56. Qc6 Nxf4 57. Bxf4 Rxf4 58. Qxa4 Rxf1+ 59. Kxf1 Qf4+ 60. Rf2
Qc1+ 61. Kg2 Qg5+ 62. Kf3 Qe3+ 63. Kg2 Qg5+ 64. Kh3 Qe3+ 65. Kg2 Qg5+ 66. Kh2
Qh4+ 67. Kg1 Qg5+ 68. Rg2 Qc1+ 69. Kf2 Qe3+ 70. Kf1 Qc1+ 71. Ke2 Qe3+ 72. Kd1
Qf3+ 73. Kc1 Qxg2 74. Qd7+ Kf8 75. Qd6+ Ke8 76. Qxd4 h5 77. Qd6 Qf1+ 78. Kb2
Qe2+ 79. Kb3 Qf3+ 80. Ka4 Qa8+ 81. Kb5 Qb7+ 82. Kc4 Qe4+ 83. Kb5 h4 84. e6 Qb7+
85. Qb6 Qd5 86. e7 Qd3+ 87. Ka5 Kxe7 88. Qc7+ Ke8 89. Qe5+ Kd7 90. Qg7+ Ke6 91.
Qg8+ Kf6 92. Qh8+ Kg5 93. Qe5+ Kg4 94. Qe6+ Kg5 95. Qe5+ Kg4 96. Qe6+ Kg5 97.
Qe5+ Kg4 98. Qe6+ 1/2-1/2

[Event "World Rapid Women 2021"]
[Site "Warsaw POL"]
[Date "2021.12.28"]
[Round "10.34"]
[White "Kulon, Klaudia"]
[Black "Bartel, Marta"]
[Result "1-0"]
[WhiteTitle "IM"]
[BlackTitle "WGM"]
[WhiteElo "2335"]
[BlackElo "2192"]
[WhiteFideId "1131044"]
[BlackFideId "1123009"]
[EventDate "2021.12.26"]

1. d4 Nf6 2. Bg5 d5 3. Bxf6 exf6 4. e3 c6 5. Bd3 Bd6 6. Nd2 O-O 7. Qf3 b6 8. c3
Qe7 9. Ne2 Ba6 10. Bc2 Nd7 11. Nf4 Rfe8 12. O-O-O Nf8 13. g4 b5 14. h4 b4 15.
cxb4 Bxb4 16. g5 Rab8 17. Nb3 Bc4 18. Rdg1 f5 19. Bxf5 a5 20. h5 a4 21. Na1 Bxa2
22. g6 a3 23. b3 Bc3 24. gxh7+ Kh8 25. Rxg7 Bb2+ 26. Kd1 Ne6 27. Ng6+ fxg6 28.
Rxe7 Rxe7 29. Bxe6 Rxe6 30. Qf7 Bxa1 31. Qxe6 1-0

[Event "World Rapid Women 2021"]
[Site "Warsaw POL"]
[Date "2021.12.28"]
[Round "10.35"]
[White "Zabrzanska, Weronika"]
[Black "Rakhmangulova, Anastasiya"]
[Result "1-0"]
[BlackTitle "WIM"]
[WhiteElo "1923"]
[BlackElo "2174"]
[WhiteFideId "21825173"]
[BlackFideId "14117479"]
[EventDate "2021.12.26"]

1. e4 d5 2. exd5 Qxd5 3. Nc3 Qd6 4. d4 Nf6 5. Nf3 a6 6. Be2 Nc6 7. O-O Bg4 8.
Be3 e6 9. h3 Bh5 10. Qd2 Rd8 11. Rad1 Bxf3 12. Bxf3 Be7 13. Bf4 Qd7 14. d5 exd5
15. Nxd5 Nxd5 16. Qxd5 Qc8 17. Qc4 O-O 18. Bxc6 bxc6 19. Qxc6 Qf5 20. Qxc7 Bf6
21. c3 Rxd1 22. Rxd1 Qc2 23. Rd2 Qb1+ 24. Kh2 Qxa2 25. Bd6 Re8 26. Be7 Qe6 27.
Rd8 Qe5+ 28. f4 Qxe7 29. Qxe7 Rxd8 30. Qe2 Ra8 31. Qe4 Rb8 32. Qc4 h5 33. b4 h4
34. Qc5 Rd8 35. Qc7 Rd1 36. Qc8+ Kh7 37. Qf5+ Kh6 38. g4 hxg3+ 39. Kxg3 Rg1+ 40.
Kf2 Rc1 41. Qc8 Rc2+ 42. Ke1 Ra2 43. Qc4 Ra3 44. Qxf7 Rxc3 45. f5 Kg5 46. Qg6+
Kf4 47. Qg4+ Ke5 48. Kd2 Ra3 49. h4 Kd5 50. h5 Ra2+ 51. Kd1 Rh2 52. Qf3+ Kd4 53.
Qf4+ 1-0

[Event "World Rapid Women 2021"]
[Site "Warsaw POL"]
[Date "2021.12.28"]
[Round "10.36"]
[White "Kubicka, Anna"]
[Black "Nurgali, Nazerke"]
[Result "0-1"]
[WhiteTitle "WIM"]
[BlackTitle "WIM"]
[WhiteElo "2266"]
[BlackElo "2260"]
[WhiteFideId "1152254"]
[BlackFideId "13711261"]
[EventDate "2021.12.26"]

1. e4 c6 2. d4 d5 3. e5 Bf5 4. Nf3 e6 5. Be2 Ne7 6. O-O Bg6 7. Nbd2 Nf5 8. c3
Be7 9. b4 a5 10. b5 c5 11. dxc5 Bxc5 12. Nb3 Be7 13. a4 O-O 14. Bd3 Qc7 15. Bb2
Nd7 16. Re1 Nc5 17. Nxc5 Bxc5 18. Bxf5 Bxf5 19. Nd4 Bg6 20. h4 h6 21. h5 Bh7 22.
Qg4 Rac8 23. Re3 Bxd4 24. cxd4 f5 25. Qf4 Qf7 26. Ba3 Rfd8 27. Rh3 b6 28. Rc1
Rc4 29. Rhc3 Rdc8 30. Rxc4 dxc4 31. Rc3 Qxh5 32. Qd2 Qf7 33. Qc1 f4 34. Rxc4
Rxc4 35. Qxc4 Be4 36. f3 Bd5 37. Qc2 h5 38. Bd6 Qe8 39. Qc7 Qg6 40. Qc3 h4 41.
Qc7 Kh7 42. Bf8 h3 43. g4 fxg3 0-1

[Event "World Rapid Women 2021"]
[Site "Warsaw POL"]
[Date "2021.12.28"]
[Round "10.37"]
[White "Loskutova, Viktoriya"]
[Black "Smietanska, Wiktoria"]
[Result "1/2-1/2"]
[WhiteTitle "WFM"]
[BlackTitle "CM"]
[WhiteElo "2100"]
[BlackElo "1910"]
[WhiteFideId "34166278"]
[BlackFideId "21869359"]
[EventDate "2021.12.26"]

1. e4 c5 2. Nf3 d6 3. d4 cxd4 4. Nxd4 Nf6 5. Nc3 a6 6. Be3 e5 7. Nb3 Be6 8. f3
Nbd7 9. Qd2 b5 10. g4 Nb6 11. g5 Nfd7 12. Nd5 Nxd5 13. exd5 Bf5 14. Na5 Qc7 15.
Nc6 Nb8 16. Bd3 Bxd3 17. cxd3 Nxc6 18. Rc1 Nd4 19. Bxd4 Qb7 20. Be3 Qxd5 21. Ke2
Be7 22. h4 Kd7 23. Qa5 Qb7 24. Qb4 Rhc8 25. Qg4+ Kd8 26. Qf5 Bf8 27. Qxh7 Rxc1
28. Rxc1 Rc8 29. Qg8 Ke8 30. h5 Rxc1 31. Bxc1 Qc8 32. Be3 Qh3 33. g6 fxg6 34. h6
gxh6 35. Qxg6+ Kd7 36. Qh7+ Be7 37. Qe4 Kc7 38. Qa8 Qg2+ 39. Bf2 Bh4 40. Qa7+
Kd8 41. Qb8+ Kd7 42. Qb7+ Ke6 43. Qc8+ Kd5 44. Qb7+ Ke6 45. Qc8+ Kd5 46. Qa8+
Ke6 47. Qe8+ Kd5 48. Qa8+ 1/2-1/2

[Event "World Rapid Women 2021"]
[Site "Warsaw POL"]
[Date "2021.12.28"]
[Round "10.38"]
[White "Efimenko, Maria"]
[Black "Yakimova, Mariya"]
[Result "0-1"]
[WhiteTitle "WIM"]
[BlackTitle "WFM"]
[WhiteElo "2245"]
[BlackElo "2198"]
[WhiteFideId "14124327"]
[BlackFideId "34188859"]
[EventDate "2021.12.26"]

1. e4 c5 2. c3 d5 3. exd5 Qxd5 4. d4 g6 5. Na3 cxd4 6. Nb5 Na6 7. Qxd4 Qxd4 8.
Nxd4 Bg7 9. Ngf3 Nc7 10. Bf4 Nd5 11. Bb5+ Kf8 12. Bg3 a6 13. Bc4 Ngf6 14. O-O
Nb6 15. Bb3 Ne4 16. Bc7 Nd7 17. Rfe1 Nec5 18. Bc2 Nb8 19. Rad1 Bf6 20. Ne5 Kg7
21. Nc4 Ne6 22. Nxe6+ Bxe6 23. Nb6 Ra7 24. Bb3 Bf5 25. Nd5 Nc6 26. Nxf6 exf6 27.
Rd6 Raa8 28. Bd5 Rac8 29. Bb6 Rhe8 30. Rc1 Re2 31. b3 Rxa2 32. Re1 Rc2 33. c4
Rc3 34. c5 h5 35. h3 Bc2 36. Rd7 Bxb3 37. Rxf7+ Kh6 38. Bxb3 Rxb3 39. Rxb7 a5
40. h4 a4 41. Rf7 a3 42. Bc7 a2 43. Bf4+ g5 44. hxg5+ Kg6 45. Rxf6+ Kg7 46. Rfe6
Rb1 0-1

[Event "World Rapid Women 2021"]
[Site "Warsaw POL"]
[Date "2021.12.28"]
[Round "10.39"]
[White "Jakubowska, Anna"]
[Black "Maltsevskaya, Aleksandra"]
[Result "0-1"]
[WhiteTitle "WIM"]
[BlackTitle "IM"]
[WhiteElo "2106"]
[BlackElo "2400"]
[WhiteFideId "1121952"]
[BlackFideId "24174041"]
[EventDate "2021.12.26"]

1. e4 c5 2. Nc3 Nc6 3. g3 g6 4. Bg2 Bg7 5. d3 e6 6. Be3 b6 7. Qd2 Nge7 8. Bh6
Bxh6 9. Qxh6 Bb7 10. e5 Qc7 11. f4 Nf5 12. Qg5 Ncd4 13. Bxb7 Qxb7 14. Ne4 h6 15.
Qf6 O-O 16. O-O-O c4 17. Nf2 cxd3 18. Rxd3 Rac8 19. c3 b5 20. g4 b4 21. gxf5
bxc3 22. Rxc3 Rxc3+ 23. bxc3 Nxf5 24. Ne2 Rb8 25. Kd2 Qf3 26. Rf1 Rb2+ 27. Kc1
Qxe2 28. Qd8+ Kh7 0-1

[Event "World Rapid Women 2021"]
[Site "Warsaw POL"]
[Date "2021.12.28"]
[Round "10.40"]
[White "Maisuradze, Nino"]
[Black "Wikar, Martyna"]
[Result "0-1"]
[WhiteTitle "WGM"]
[BlackTitle "WFM"]
[WhiteElo "2202"]
[BlackElo "2168"]
[WhiteFideId "13601717"]
[BlackFideId "21807663"]
[EventDate "2021.12.26"]

1. d4 Nf6 2. c4 g6 3. Nc3 Bg7 4. e4 d6 5. f4 Bg4 6. Nf3 Nc6 7. Be3 e5 8. fxe5
dxe5 9. d5 Nd4 10. Be2 Nxe2 11. Qxe2 O-O 12. O-O b6 13. Bg5 h6 14. Bh4 g5 15.
Bf2 Nh5 16. g3 Qf6 17. Be3 Bh3 18. Rf2 Qg6 19. Kh1 Rae8 20. Ng1 Bd7 21. Raf1 Nf6
22. Bd2 Ng4 23. Rf5 Nf6 24. g4 Bxf5 25. exf5 Qh7 26. Nb5 h5 27. Bxg5 hxg4 28.
Nxc7 Rc8 29. Qxe5 Nd7 30. Qg3 Rxc7 31. Qxg4 f6 32. d6 Rc5 33. b4 Ne5 34. Qd4
Rxc4 35. Qd5+ Kh8 36. Bf4 Rc2 37. d7 Rd8 38. Rd1 Qxf5 39. Bxe5 Qxe5 40. Nf3 Qxd5
41. Rxd5 Rc7 42. Nd4 Rcxd7 43. Rh5+ Kg8 44. Ne6 Rd1+ 45. Kg2 R8d2+ 46. Kf3 Kf7 0-1

[Event "World Rapid Women 2021"]
[Site "Warsaw POL"]
[Date "2021.12.28"]
[Round "10.41"]
[White "Strutinskaia, Galina"]
[Black "Garcia Martin, Marta"]
[Result "0-1"]
[WhiteTitle "WGM"]
[BlackTitle "IM"]
[WhiteElo "2142"]
[BlackElo "2325"]
[WhiteFideId "4108558"]
[BlackFideId "32084030"]
[EventDate "2021.12.26"]

1. d4 d5 2. c4 e6 3. Nf3 Nf6 4. Nc3 a6 5. cxd5 exd5 6. Bg5 Be6 7. e3 Nbd7 8. Bd3
Bd6 9. Bh4 c6 10. Qc2 h6 11. a3 Qc7 12. Bg3 O-O 13. O-O Bxg3 14. hxg3 Ne8 15.
Nh4 Nd6 16. f4 Nf6 17. Rae1 Rfe8 18. f5 Bd7 19. Rf4 c5 20. g4 c4 21. Bf1 Nb5 22.
Nd1 Qxf4 23. exf4 Rxe1 24. Nf3 Re4 25. g5 Ng4 26. Bxc4 Rc8 27. b3 Bxf5 28. Qd2
dxc4 29. bxc4 Rxc4 30. gxh6 Nxd4 31. h7+ Bxh7 32. Ng5 Re2 33. Qa5 Nc6 0-1